[Event "Avoine op 37th"]
[Site "Avoine"]
[Date "2023.07.26"]
[Round "5"]
[White "Ollier, Pablo"]
[Black "Viel, Simon"]
[Result "0-1"]
[WhiteElo "2353"]
[BlackElo "2275"]
[PlyCount "136"]
[EventDate "2023.07.22"]
[EventType "swiss"]
[EventRounds "9"]
[EventCountry "FRA"]
[SourceTitle "CBM 215 Extra"]
[Source "ChessBase"]
[SourceDate "2023.09.30"]
[SourceVersion "1"]
[SourceVersionDate "2023.09.30"]
[SourceQuality "1"]

1. d4 Nf6 2. c4 g6 3. Nc3 d5 4. cxd5 Nxd5 5. e4 Nxc3 6. bxc3 Bg7 7. Bc4 c5 8. Ne2 Nc6 9. Be3 0-0 10. 0-0 Bg4 11. f3 Na5 12. Bxf7+ Rxf7 13. fxg4 Rxf1+ 14. Kxf1 Qd6 15. e5 Nc4 16. Bf2 Qd5 17. dxc5 Qf7 18. Kg1 Rf8 19. Bh4 Ne3 20. e6 Qxe6 21. Qb3 Nc4 22. Nd4 Qe3+ 23. Kh1 Qd3 24. Nf3 Bxc3 25. Qd1 Rd8 26. Qxd3 Rxd3 27. Rb1 e5 28. Ng5 h6 29. Ne4 g5 30. Bg3 Bd4 31. h4 Re3 32. Nf6+ Kf7 33. Nh5 b6 34. c6 Nd6 35. Rf1+ Ke7 36. Kh2 Ne4 37. Be1 Kd6 38. Nf6 Kxc6 39. Ng8 Re2 40. h5 Be3 41. Nxh6 Bf4+ 42. Kg1 Nd2 43. Bxd2 Rxd2 44. Nf5 e4 45. Re1 Rxa2 46. h6 Be5 47. h7 Ra1 48. Rxa1 Bxa1 49. Kf2 Kd5 50. Ke3 a5 51. Ne7+ Ke6 52. Nc6 Kf7 53. Kxe4 Kg6 54. Kd5 Kxh7 55. Kc4 Kg7 56. Kb5 Bc3 57. Kc4 Bd2 58. Ne5 Be3 59. Kd5 Bc5 60. Nf3 Kf6 61. Nd2 a4 62. Ne4+ Kg6 63. Kc4 Be7 64. Nc3 a3 65. Kb3 Kf7 66. Kc4 Ke6 67. g3 Ke5 68. Kd3 b5 0-1

[Event "FRA-ch Accession"]
[Site "Albi"]
[Date "2022.08.13"]
[Round "1"]
[White "Velten, Paul"]
[Black "Viel, Simon"]
[Result "1-0"]
[WhiteElo "2495"]
[BlackElo "2274"]
[PlyCount "73"]
[EventDate "2022.08.13"]
[EventType "swiss"]
[EventRounds "9"]
[EventCountry "FRA"]
[SourceTitle "CBM 210 Extra"]
[Source "ChessBase"]
[SourceDate "2022.11.30"]
[SourceVersion "1"]
[SourceVersionDate "2022.11.30"]
[SourceQuality "1"]

1. d4 Nf6 2. c4 g6 3. Nc3 d5 4. cxd5 Nxd5 5. e4 Nxc3 6. bxc3 Bg7 7. Nf3 c5 8. Bb5+ Nc6 9. Rb1 0-0 10. d5 Ne5 11. Nxe5 Bxe5 12. 0-0 Bxc3 13. Be3 b6 14. Qc1 Be5 15. Bc6 Ba6 16. Rd1 Rb8 17. Bh6 Bg7 18. Bf4 Rc8 19. Qa3 e5 20. Be3 Be2 21. Re1 Bd3 22. Rbd1 Bxe4 23. Qxa7 Bf5 24. Qa4 e4 25. h3 Be5 26. Bh6 Qh4 27. Bxf8 Rxf8 28. d6 Bd4 29. Rxd4 cxd4 30. Qxd4 Rd8 31. Qe5 Qh6 32. Qf6 Qf8 33. Bd5 Rxd6 34. Bxf7+ Qxf7 35. Qxd6 Qxa2 36. Rc1 Be6 37. Qxb6 1-0

[Event "Avoine op 35th"]
[Site "Avoine"]
[Date "2021.07.??"]
[Round "8.9"]
[White "Viel, Simon"]
[Black "Peric, Slavisa"]
[Result "1-0"]
[WhiteElo "2223"]
[BlackElo "2081"]
[PlyCount "111"]
[EventDate "2021.07.18"]
[EventType "swiss"]
[EventRounds "9"]
[EventCountry "FRA"]
[SourceTitle "EXT 2023"]
[Source "ChessBase"]
[SourceDate "2022.10.05"]
[SourceVersion "1"]
[SourceVersionDate "2022.10.05"]
[SourceQuality "1"]

1. e4 e6 2. d4 d5 3. Nd2 c5 4. Ngf3 a6 5. dxc5 Bxc5 6. Bd3 Nf6 7. Qe2 0-0 8. 0-0 Nc6 9. e5 Nd7 10. Nb3 Be7 11. c3 f6 12. exf6 Nxf6 13. Nbd4 Qd6 14. Re1 Ng4 15. h3 Nxd4 16. cxd4 Nf6 17. Bg5 h6 18. Bd2 Qb6 19. Bc3 Bd6 20. Ne5 Re8 21. Qf3 Bxe5 22. Rxe5 Nd7 23. Re2 Rf8 24. Qg3 Rf6 25. Rae1 Nf8 26. Re5 Bd7 27. Kh1 Be8 28. f3 Bg6 29. Bf1 Qd6 30. Qf2 Re8 31. a3 Nd7 32. R5e3 Qb6 33. Qd2 Qc7 34. g4 Qg3 35. Qg2 Qh4 36. R1e2 Bf7 37. Qh2 Nf8 38. f4 Rg6 39. f5 Rf6 40. Be1 Qg5 41. Bg3 h5 42. Bf4 Qh4 43. Bg3 Qg5 44. Be5 Nh7 45. Bxf6 Nxf6 46. fxe6 Bg6 47. Qe5 Qh4 48. Bg2 hxg4 49. Bxd5 Re7 50. Bg2 Nh5 51. d5 gxh3 52. Rxh3 Qg4 53. d6 Nf4 54. d7 Nxh3 55. d8Q+ Re8 56. Qdd4 1-0

[Event "Avoine op 34th"]
[Site "Avoine"]
[Date "2019.07.20"]
[Round "3"]
[White "Kavciyan, Yega"]
[Black "Viel, Simon"]
[Result "1-0"]
[WhiteElo "2033"]
[BlackElo "2301"]
[PlyCount "65"]
[EventDate "2019.07.20"]
[EventType "swiss"]
[EventRounds "9"]
[EventCountry "FRA"]
[SourceTitle "EXT 2020"]
[Source "ChessBase"]
[SourceDate "2019.10.17"]
[SourceVersion "1"]
[SourceVersionDate "2019.10.17"]
[SourceQuality "1"]

1. e4 e6 2. d3 d5 3. Nd2 c5 4. Ngf3 Nc6 5. g3 Bd6 6. Bg2 Nge7 7. 0-0 0-0 8. Re1 Qc7 9. c3 Bd7 10. a3 b5 11. d4 cxd4 12. cxd4 dxe4 13. Nxe4 Nd5 14. Qd3 h6 15. Nxd6 Qxd6 16. Qxb5 Nxd4 17. Qd3 Nxf3+ 18. Bxf3 Bc6 19. b4 Rfd8 20. b5 Be8 21. Bb2 Rac8 22. Rac1 Nb6 23. Qxd6 Rxd6 24. Rxc8 Nxc8 25. a4 Nb6 26. Rd1 Rxd1+ 27. Bxd1 f6 28. Bb3 Kf7 29. Bd4 Ke7 30. Bc5+ Kf7 31. a5 Nc8 32. Bc4 f5 33. b6 1-0

[Event "Avoine op 34th"]
[Site "Avoine"]
[Date "2019.07.20"]
[Round "1"]
[White "Lemonnier, Remi"]
[Black "Viel, Simon"]
[Result "1-0"]
[WhiteElo "2093"]
[BlackElo "2301"]
[PlyCount "55"]
[EventDate "2019.07.20"]
[EventType "swiss"]
[EventRounds "9"]
[EventCountry "FRA"]
[SourceTitle "EXT 2020"]
[Source "ChessBase"]
[SourceDate "2019.10.17"]
[SourceVersion "1"]
[SourceVersionDate "2019.10.17"]
[SourceQuality "1"]

1. e4 e6 2. d4 d5 3. e5 c5 4. c3 Nc6 5. Nf3 Bd7 6. Bd3 cxd4 7. cxd4 Qb6 8. 0-0 Nxd4 9. Nbd2 Nxf3+ 10. Nxf3 Bb5 11. Be3 Qa6 12. Bxb5+ Qxb5 13. Rc1 Qd7 14. Qe2 Ne7 15. Nd4 a6 16. Rc2 h6 17. Rfc1 Rc8 18. f4 g6 19. Rxc8+ Nxc8 20. Qc2 Ne7 21. Qc7 Nc6 22. Qb6 Nd8 23. b3 Qe7 24. Rc8 Bg7 25. Bd2 0-0 26. Bb4 Qd7 27. Rc7 Qe8 28. Re7 1-0

[Event "Avoine op 33rd"]
[Site "Avoine"]
[Date "2018.07.27"]
[Round "7"]
[White "Viel, Simon"]
[Black "Prevot, Rodolphe"]
[Result "1-0"]
[WhiteElo "2316"]
[BlackElo "1891"]
[PlyCount "61"]
[EventDate "2018.07.21"]
[EventType "swiss"]
[EventRounds "9"]
[EventCountry "FRA"]
[SourceTitle "CBM 185 Extra"]
[Source "ChessBase"]
[SourceDate "2018.07.29"]
[SourceVersion "1"]
[SourceVersionDate "2018.07.29"]
[SourceQuality "1"]

1. e4 c5 2. Nf3 e6 3. d4 cxd4 4. Nxd4 a6 5. Bd3 Qc7 6. 0-0 Nf6 7. Qe2 Bd6 8. Kh1 Nc6 9. Nxc6 dxc6 10. f4 e5 11. f5 b5 12. Bg5 Be7 13. Nd2 Bb7 14. a4 0-0 15. Rf3 Rfd8 16. Nf1 Rab8 17. Ng3 Rd6 18. Raf1 Ba8 19. Bxf6 Bxf6 20. Nh5 Bg5 21. f6 g6 22. Qf2 c5 23. Qg3 Bh6 24. Qxe5 c4 25. Be2 bxa4 26. Ng3 Rd7 27. Qc3 Rc8 28. Qb4 Rb8 29. Qxa4 Rxb2 30. Rc3 Rd4 31. Qe8+ 1-0

[Event "Avoine op 33rd"]
[Site "Avoine"]
[Date "2018.07.26"]
[Round "6"]
[White "Engelmann, Herve"]
[Black "Viel, Simon"]
[Result "1-0"]
[WhiteElo "1998"]
[BlackElo "2316"]
[PlyCount "61"]
[EventDate "2018.07.21"]
[EventType "swiss"]
[EventRounds "9"]
[EventCountry "FRA"]
[SourceTitle "CBM 185 Extra"]
[Source "ChessBase"]
[SourceDate "2018.07.29"]
[SourceVersion "1"]
[SourceVersionDate "2018.07.29"]
[SourceQuality "1"]

1. e4 e6 2. d4 d5 3. Nc3 Nf6 4. Bg5 Bb4 5. e5 h6 6. Bd2 Bxc3 7. bxc3 Ne4 8. Qg4 Kf8 9. Bd3 Nxd2 10. Kxd2 c5 11. Nf3 c4 12. Be2 b5 13. Rhb1 Bd7 14. Qf4 Kg8 15. g4 a6 16. h4 Nc6 17. h5 Ne7 18. g5 Nf5 19. gxh6 Rxh6 20. Ng5 Rh8 21. Bg4 Nh6 22. Bh3 Qe7 23. a4 Rc8 24. axb5 Bxb5 25. Rg1 Rc6 26. Rg3 Nf5 27. Bxf5 exf5 28. Rag1 Rxh5 29. Qxf5 Rg6 30. e6 Rxe6 31. Nxe6 1-0

[Event "Agneaux St Lo op 20th"]
[Site "Agneaux"]
[Date "2018.07.11"]
[Round "6"]
[White "Viel, Simon"]
[Black "Gely, Yann"]
[Result "1-0"]
[WhiteElo "2316"]
[BlackElo "2162"]
[PlyCount "77"]
[EventDate "2018.07.07"]
[EventType "swiss"]
[EventRounds "9"]
[EventCountry "FRA"]
[SourceTitle "CBM 185 Extra"]
[Source "ChessBase"]
[SourceDate "2018.07.29"]
[SourceVersion "1"]
[SourceVersionDate "2018.07.29"]
[SourceQuality "1"]

1. e4 c5 2. Nf3 Nc6 3. d4 cxd4 4. Nxd4 e5 5. Nb5 d6 6. N1c3 a6 7. Na3 Be7 8. Nc4 Nf6 9. Bg5 Nd4 10. Bxf6 Bxf6 11. Nd5 b5 12. Ncb6 Rb8 13. c3 Bg4 14. Qxg4 Nc2+ 15. Kd2 Nxa1 16. Nxf6+ Qxf6 17. Qd7+ Kf8 18. Nd5 Qh6+ 19. Kd3 Qe6 20. Qxe6 fxe6 21. Ne3 b4 22. Be2 bxc3 23. bxc3 Nb3 24. axb3 Rxb3 25. Ra1 Rb6 26. Nc4 Rc6 27. Rb1 Ke7 28. Rb7+ Kf6 29. Nb6 Rd8 30. Bd1 Kg6 31. Bb3 d5 32. exd5 exd5 33. Nxd5 e4+ 34. Kxe4 Re6+ 35. Kd3 Re1 36. c4 Rf1 37. Ke2 Rh1 38. c5 Rc1 39. c6 1-0

[Event "FRA-ch Accession"]
[Site "Agen"]
[Date "2017.08.24"]
[Round "6"]
[White "Boyer, Mahel"]
[Black "Viel, Simon"]
[Result "0-1"]
[WhiteElo "2207"]
[BlackElo "2220"]
[PlyCount "98"]
[EventDate "2017.08.19"]
[EventType "swiss"]
[EventRounds "9"]
[EventCountry "FRA"]
[SourceTitle "EXT 2019"]
[Source "ChessBase"]
[SourceDate "2018.10.10"]
[SourceVersion "1"]
[SourceVersionDate "2018.10.10"]
[SourceQuality "1"]

1. Nf3 Nf6 2. c4 e6 3. Nc3 d5 4. d4 dxc4 5. e3 a6 6. Bxc4 b5 7. Bd3 Bb7 8. a3 Nbd7 9. b4 Bd6 10. Bb2 e5 11. e4 exd4 12. Nxd4 Ne5 13. Nf5 Bxb4 14. Bxb5+ axb5 15. axb4 Nd3+ 16. Ke2 Nxb2 17. Rxa8 Qxa8 18. Qc1 Bxe4 19. Nxg7+ Kf8 20. Qh6 Ng4 21. Qf4 Bd3+ 22. Kd2 Nc4+ 23. Kxd3 Nge5+ 24. Kc2 Kxg7 25. Qg5+ Ng6 26. h4 Qd8 27. Qxd8 Rxd8 28. Nxb5 c6 29. Na7 Nce5 30. h5 Nf4 31. Rh4 Nxg2 32. Re4 f6 33. f4 Nxf4 34. Rxf4 Ra8 35. h6+ Kf7 36. Nxc6 Nxc6 37. Rg4 Ke6 38. b5 Ne5 39. Rg7 Rb8 40. Rxh7 Nf7 41. Rg7 Nxh6 42. Rh7 Nf5 43. Kd3 Rxb5 44. Kc4 Rd5 45. Rh8 Rd1 46. Re8+ Ne7 47. Kc3 f5 48. Rf8 Ke5 49. Re8 Rd7 0-1

[Event "FRA-ch Accession"]
[Site "Agen"]
[Date "2017.08.19"]
[Round "3"]
[White "Viel, Simon"]
[Black "Favarel, Julien"]
[Result "1-0"]
[WhiteElo "2220"]
[BlackElo "2247"]
[PlyCount "31"]
[EventDate "2017.08.19"]
[EventType "swiss"]
[EventRounds "9"]
[EventCountry "FRA"]
[SourceTitle "EXT 2019"]
[Source "ChessBase"]
[SourceDate "2018.10.10"]
[SourceVersion "1"]
[SourceVersionDate "2018.10.10"]
[SourceQuality "1"]

1. e4 e5 2. Nf3 Nc6 3. Bc4 Be7 4. d4 d6 5. dxe5 Nxe5 6. Nxe5 dxe5 7. Qh5 g6 8. Qxe5 Nf6 9. Bh6 Rg8 10. Bg5 Ng4 11. Qf4 Rf8 12. Bxe7 Qxe7 13. Nc3 c6 14. 0-0-0 g5 15. Qg3 Qe5 16. Rd2 1-0

[Event "Avoine op 32nd"]
[Site "Avoine"]
[Date "2017.07.27"]
[Round "6"]
[White "Colin, Vincent"]
[Black "Viel, Simon"]
[Result "1/2-1/2"]
[WhiteElo "2373"]
[BlackElo "2230"]
[PlyCount "124"]
[EventDate "2017.07.22"]
[EventType "swiss"]
[EventRounds "9"]
[EventCountry "FRA"]
[SourceTitle "CBM 179 Extra"]
[Source "ChessBase"]
[SourceDate "2017.08.23"]
[SourceVersion "1"]
[SourceVersionDate "2017.08.23"]
[SourceQuality "1"]

1. d4 Nf6 2. Bf4 c5 3. d5 b5 4. f3 d6 5. e4 a6 6. a4 b4 7. Nd2 e6 8. Nc4 exd5 9. exd5 Be7 10. a5 Bb7 11. Nb6 Ra7 12. Bc4 Nbd7 13. Nxd7 Qxd7 14. Qd3 0-0 15. Ne2 Ne8 16. 0-0 Bf6 17. c3 Nc7 18. Ng3 Re8 19. Bd2 bxc3 20. bxc3 Raa8 21. Rfb1 Rab8 22. Bb3 Qd8 23. Ne4 Be7 24. c4 Bc8 25. Bc2 Rxb1+ 26. Rxb1 Bf5 27. Nf6+ Bxf6 28. Qxf5 g6 29. Qd3 Bd4+ 30. Kh1 Qe7 31. h3 Qh4 32. f4 Re7 33. Kh2 Ne8 34. g3 Qf6 35. Kg2 h5 36. Rb8 Kh7 37. Qf3 Ng7 38. g4 Qh4 39. Bd3 hxg4 40. hxg4 f5 41. g5 Nh5 42. Rb1 Kg7 43. Rh1 Qg4+ 44. Qxg4 fxg4 45. f5 Rb7 46. Rb1 Rxb1 47. f6+ Kf7 48. Bxb1 Be5 49. Bc2 Ng3 50. Ba4 Ne4 51. Be3 Bc3 52. Bb5 Bxa5 53. Bxa6 Be1 54. Bc8 Bh4 55. Be6+ Kf8 56. Bxg4 Bxg5 57. Bf3 Bxe3 58. Bxe4 Kf7 59. Kf3 Bh6 60. Kg4 Kxf6 61. Bd3 Ke5 62. Be2 Kd4 1/2-1/2

[Event "Avoine op 32nd"]
[Site "Avoine"]
[Date "2017.07.23"]
[Round "2"]
[White "Vekemans, Sylvain"]
[Black "Viel, Simon"]
[Result "0-1"]
[WhiteElo "1919"]
[BlackElo "2230"]
[PlyCount "50"]
[EventDate "2017.07.22"]
[EventType "swiss"]
[EventRounds "9"]
[EventCountry "FRA"]
[SourceTitle "CBM 179 Extra"]
[Source "ChessBase"]
[SourceDate "2017.08.23"]
[SourceVersion "1"]
[SourceVersionDate "2017.08.23"]
[SourceQuality "1"]

1. c4 e5 2. Nc3 Nf6 3. g3 d5 4. cxd5 Nxd5 5. Bg2 Nb6 6. Nf3 Nc6 7. 0-0 Be7 8. d3 0-0 9. a3 Be6 10. b4 a5 11. b5 Nd4 12. Nxd4 exd4 13. Ne4 a4 14. Bb2 Ra5 15. e3 dxe3 16. Qh5 f5 17. fxe3 Rxb5 18. Bd4 Bf7 19. Qh3 fxe4 20. Bxe4 h6 21. Rf5 Qd7 22. Qg4 Bf6 23. Bxf6 Be6 24. Bxg7 Bxf5 25. Bxf5 Qxg7 0-1

[Event "Avoine op 32nd"]
[Site "Avoine"]
[Date "2017.07.22"]
[Round "3"]
[White "Viel, Simon"]
[Black "Shirazi, Kamran"]
[Result "0-1"]
[WhiteElo "2230"]
[BlackElo "2356"]
[PlyCount "110"]
[EventDate "2017.07.22"]
[EventType "swiss"]
[EventRounds "9"]
[EventCountry "FRA"]
[SourceTitle "CBM 179 Extra"]
[Source "ChessBase"]
[SourceDate "2017.08.23"]
[SourceVersion "1"]
[SourceVersionDate "2017.08.23"]
[SourceQuality "1"]

1. e4 c6 2. c4 e5 3. Nf3 d6 4. d4 Nd7 5. Be2 Ngf6 6. Nc3 g6 7. 0-0 Bg7 8. dxe5 dxe5 9. Qd6 Bf8 10. Qd3 Qc7 11. h3 Nc5 12. Qc2 a5 13. b3 h6 14. Be3 Qe7 15. a3 Bg7 16. b4 Ne6 17. Rab1 Nh5 18. Na4 axb4 19. Nb6 Rxa3 20. Nxc8 Qd8 21. Rxb4 Qxc8 22. Qb2 Rxe3 23. fxe3 Ng3 24. Ra1 Nc5 25. Ra5 Ngxe4 26. Nd2 0-0 27. Nxe4 Nxe4 28. Rxb7 Qd8 29. Raa7 Nc5 30. Rc7 e4 31. Qb6 Qg5 32. Ra3 Be5 33. Rxc6 Rb8 34. Qxb8+ Bxb8 35. Rc8+ Kg7 36. Rxb8 Nd3 37. Bxd3 Qxe3+ 38. Kh2 Qf4+ 39. Kg1 Qxb8 40. Bf1 Qb6+ 41. Kh1 Qf2 42. Ra1 e3 43. c5 e2 44. Bxe2 Qxe2 45. Rc1 Qd2 46. Rc4 Qd5 47. Rc1 Qc6 48. Kg1 Kf6 49. Kf2 Ke5 50. Rc2 Kd5 51. Kg1 f5 52. Rc1 g5 53. Rc2 Qa4 54. Rc1 Qd4+ 55. Kh1 Kc6 0-1

[Event "FRA-ch U16"]
[Site "Belfort"]
[Date "2017.04.22"]
[Round "8.2"]
[White "Viel, Simon"]
[Black "Coiffait, Pierre Basile"]
[Result "0-1"]
[WhiteElo "2220"]
[BlackElo "2193"]
[PlyCount "144"]
[EventDate "2017.04.16"]
[EventType "swiss"]
[EventRounds "9"]
[EventCountry "FRA"]
[SourceTitle "EXT 2019"]
[Source "ChessBase"]
[SourceDate "2018.10.10"]
[SourceVersion "1"]
[SourceVersionDate "2018.10.10"]
[SourceQuality "1"]

1. e4 c6 2. Nc3 d5 3. Nf3 Bg4 4. h3 Bxf3 5. Qxf3 e6 6. g3 Nf6 7. Bg2 Nbd7 8. d4 Nb6 9. 0-0 Be7 10. Bg5 0-0 11. Rad1 Rc8 12. Qd3 Nc4 13. Rb1 h6 14. Bxf6 Bxf6 15. f4 b5 16. e5 Be7 17. b3 Na3 18. Rbd1 c5 19. Ne2 c4 20. Qf3 Nxc2 21. f5 exf5 22. Nf4 Nb4 23. a3 Nd3 24. Nxd5 Bxa3 25. Qxf5 Qg5 26. Qxg5 hxg5 27. bxc4 bxc4 28. Ra1 Bb2 29. Ne7+ Kh8 30. Ra4 Bxd4+ 31. Kh2 Rce8 32. Nc6 Bb6 33. Rxc4 Nxe5 34. Re4 Nxc6 35. Rxe8 Rxe8 36. Bxc6 Re2+ 37. Bg2 Kg8 38. Rc1 g6 39. Rc4 Kg7 40. h4 gxh4 41. Rxh4 a5 42. Kh3 Bc5 43. Rc4 Bb4 44. Bd5 Rd2 45. Bc6 Rd3 46. Rf4 Bd6 47. Rf3 Rxf3 48. Bxf3 f5 49. Bd1 Kf6 50. Kg2 g5 51. Kf3 Ke5 52. Bc2 f4 53. gxf4+ gxf4 54. Ba4 Kd4 55. Ke2 Kc3 56. Bc6 Kb4 57. Kd3 Bc5 58. Ke4 Be3 59. Kd3 a4 60. Bd5 a3 61. Bf7 Kc5 62. Be6 Kb4 63. Bd5 Bf2 64. Bf7 Bg3 65. Kc2 f3 66. Bh5 f2 67. Be2 Be5 68. Kb1 Kb3 69. Bd1+ Kc3 70. Be2 Kd2 71. Ba6 Ke1 72. Ka2 Bd6 0-1

[Event "FRA-ch op-A"]
[Site "Agen"]
[Date "2016.08.17"]
[Round "5"]
[White "Viel, Simon"]
[Black "Malassagne, Raphael"]
[Result "1/2-1/2"]
[WhiteElo "1992"]
[BlackElo "2129"]
[PlyCount "98"]
[EventDate "2016.08.12"]
[EventType "swiss"]
[EventRounds "9"]
[EventCountry "FRA"]
[SourceTitle "EXT 2017"]
[Source "ChessBase"]
[SourceDate "2016.10.25"]
[SourceVersion "1"]
[SourceVersionDate "2016.10.25"]
[SourceQuality "1"]

1. e4 d5 2. exd5 Qxd5 3. Nc3 Qa5 4. d4 Nf6 5. Bd2 Qb6 6. Nf3 Bg4 7. h3 Bh5 8. Be2 c6 9. Na4 Qc7 10. c4 e6 11. Ne5 Bxe2 12. Qxe2 Nbd7 13. 0-0 Bd6 14. Rfe1 0-0 15. Nc3 Rad8 16. Bg5 Be7 17. Rad1 a6 18. c5 Rde8 19. Nc4 Rb8 20. Ne4 Nd5 21. Bd2 b6 22. cxb6 N7xb6 23. Ba5 Bb4 24. Bxb4 Nxb4 25. a3 Nxc4 26. Qxc4 Nd5 27. Re2 Rb6 28. Nc5 a5 29. Rc1 Qa7 30. Nd3 Rfb8 31. Qa4 Qa6 32. Rd2 g6 33. Rc5 Rb5 34. Qc4 R8b6 35. Ne5 Qb7 36. Rxc6 Rxb2 37. Rxb6 Rxb6 38. Rd3 Qb8 39. g3 Qb7 40. Rf3 f5 41. Qc5 a4 42. Kh2 Nf6 43. Qc4 Ne4 44. Qxa4 Ng5 45. Rc3 Rb2 46. Rc2 Rb1 47. Qc6 Qxc6 48. Rxc6 Rb2 49. Nd3 Rd2 1/2-1/2

[Event "Avoine op 31st"]
[Site "Avoine"]
[Date "2016.07.24"]
[Round "2"]
[White "Devallee, Jeremie"]
[Black "Viel, Simon"]
[Result "1-0"]
[WhiteElo "2284"]
[BlackElo "2066"]
[PlyCount "113"]
[EventDate "2016.07.23"]
[EventType "swiss"]
[EventRounds "9"]
[EventCountry "FRA"]
[SourceTitle "CBM 173 Extra"]
[Source "ChessBase"]
[SourceDate "2016.08.29"]
[SourceVersion "1"]
[SourceVersionDate "2016.08.29"]
[SourceQuality "1"]

1. Nc3 d5 2. e4 Nf6 3. e5 Nfd7 4. d4 e6 5. f4 c5 6. Nf3 Nc6 7. Be3 a6 8. Qd2 b5 9. dxc5 Bxc5 10. Ne2 Bxe3 11. Qxe3 Bb7 12. Ned4 Qb6 13. Bd3 b4 14. 0-0 Nc5 15. f5 Nxd3 16. cxd3 exf5 17. Nxf5 Qxe3+ 18. Nxe3 d4 19. Nf5 0-0 20. Rac1 Rad8 21. Rxc6 Bxc6 22. Ne7+ Kh8 23. Nxc6 Rd5 24. Nfxd4 f6 25. e6 Re8 26. e7 Kg8 27. Rf5 Rd6 28. Kf2 Kf7 29. Ke3 Rc8 30. Rc5 Rd7 31. Nd8+ Rcxd8 32. exd8Q Rxd8 33. Rc7+ Ke8 34. Rxg7 Rd5 35. Rxh7 Re5+ 36. Kd2 Rg5 37. g3 Ra5 38. Nb3 Rxa2 39. Kc2 Kf8 40. h4 Kg8 41. Rb7 Ra4 42. d4 f5 43. d5 Kf8 44. d6 Ke8 45. h5 a5 46. Kb1 f4 47. gxf4 Kf8 48. Nc5 Ra3 49. bxa3 bxa3 50. h6 Kg8 51. Ne6 a2+ 52. Ka1 a4 53. f5 a3 54. Nf4 Kh8 55. Ng6+ Kg8 56. Rb8+ Kf7 57. Rf8# 1-0

[Event "Avoine op 31st"]
[Site "Avoine"]
[Date "2016.07.23"]
[Round "1"]
[White "Viel, Simon"]
[Black "Sochacki, Wojtek"]
[Result "1/2-1/2"]
[WhiteElo "2066"]
[BlackElo "2410"]
[PlyCount "160"]
[EventDate "2016.07.23"]
[EventType "swiss"]
[EventRounds "9"]
[EventCountry "FRA"]
[SourceTitle "CBM 173 Extra"]
[Source "ChessBase"]
[SourceDate "2016.08.29"]
[SourceVersion "1"]
[SourceVersionDate "2016.08.29"]
[SourceQuality "1"]

1. e4 c5 2. Nf3 d6 3. d4 cxd4 4. Nxd4 Nf6 5. Nc3 g6 6. Be3 Bg7 7. f3 0-0 8. Qd2 Nc6 9. Bc4 Bd7 10. h4 h5 11. 0-0-0 Rc8 12. Bb3 Ne5 13. Bh6 Bxh6 14. Qxh6 Rxc3 15. bxc3 Qc7 16. Qe3 a5 17. a4 Qc5 18. g4 Bxa4 19. gxh5 Bxb3 20. cxb3 a4 21. b4 Qc4 22. hxg6 fxg6 23. h5 Rc8 24. Kb1 gxh5 25. Nf5 Qb3+ 26. Ka1 Kf7 27. Qg5 Qxc3+ 28. Kb1 Qxb4+ 29. Ka1 Ke8 30. Nxd6+ exd6 31. Qxf6 Qc3+ 32. Ka2 Qb3+ 33. Ka1 Rc6 34. Qh8+ Kd7 35. Qg7+ Kd8 36. Qf6+ Kc7 37. Qe7+ Kc8 38. Qe8+ Kc7 39. Qe7+ Kb8 40. Qd8+ Ka7 41. Qa5+ Ra6 42. Qd5 Qa3+ 43. Qa2 Qxf3 44. Rhf1 Qxe4 45. Qf2+ Rb6 46. Rxd6 Nc6 47. Rd2 a3 48. Qf4 Rb1+ 49. Ka2 Nb4+ 50. Kxa3 Ra1+ 51. Kb3 Qe6+ 52. Kxb4 Qb6+ 53. Kc4 Ra4+ 54. Kd3 Qa6+ 55. Ke3 Qe6+ 56. Kd3 Ra3+ 57. Kd4 Ra4+ 58. Kd3 Rxf4 59. Rxf4 Qd5+ 60. Ke3 Qe5+ 61. Kf3 b5 62. Rdd4 Ka6 63. Rfe4 Qf5+ 64. Rf4 Qh3+ 65. Kf2 Ka5 66. Rh4 Qe6 67. Kf3 Kb6 68. Rde4 Qf5+ 69. Ref4 Qg5 70. Rb4 Kc6 71. Rbe4 Qf5+ 72. Ke3 Qd5 73. Ref4 Qg5 74. Kf3 Kd5 75. Rd4+ Kc5 76. Rdf4 Qd5+ 77. Ke3 Qb3+ 78. Kf2 Qc2+ 79. Ke3 Qc1+ 80. Kf3 Qc3+ 1/2-1/2

[Event "FRA-ch U16"]
[Site "Gonfreville"]
[Date "2016.04.15"]
[Round "7"]
[White "Mohammad, Fahim"]
[Black "Viel, Simon"]
[Result "1-0"]
[WhiteElo "2197"]
[BlackElo "1981"]
[PlyCount "47"]
[EventDate "2016.04.22"]
[EventType "swiss"]
[EventRounds "9"]
[EventCountry "FRA"]
[SourceTitle "EXT 2022"]
[Source "ChessBase"]
[SourceDate "2021.10.06"]
[SourceVersion "1"]
[SourceVersionDate "2021.10.06"]
[SourceQuality "1"]

1. d4 d5 2. c4 c5 3. Nf3 Nf6 4. dxc5 e6 5. cxd5 Qxd5 6. Qxd5 Nxd5 7. a3 a5 8. e4 Nc7 9. Bf4 Nca6 10. b4 Be7 11. Nbd2 Nd7 12. Bb5 Nab8 13. Nc4 Nc6 14. Rb1 axb4 15. axb4 Nxb4 16. Nb6 Ra5 17. Nxc8 Rxb5 18. 0-0 Nxc5 19. Nd4 Ra5 20. Rxb4 Nd3 21. Rxb7 Bc5 22. Nd6+ Kf8 23. Nc6 Nxf2 24. Rb8# 1-0

[Event "FRA-ch U16"]
[Site "Gonfreville"]
[Date "2016.04.14"]
[Round "6"]
[White "Viel, Simon"]
[Black "O'Sullivan, Thomas"]
[Result "1/2-1/2"]
[WhiteElo "1981"]
[BlackElo "1918"]
[PlyCount "96"]
[EventDate "2016.04.22"]
[EventType "swiss"]
[EventRounds "9"]
[EventCountry "FRA"]
[SourceTitle "EXT 2022"]
[Source "ChessBase"]
[SourceDate "2021.10.06"]
[SourceVersion "1"]
[SourceVersionDate "2021.10.06"]
[SourceQuality "1"]

1. e4 c5 2. Nf3 e6 3. d4 cxd4 4. Nxd4 Nc6 5. Nc3 Qc7 6. Be2 Nf6 7. 0-0 Be7 8. Be3 0-0 9. f4 d6 10. Qe1 Nxd4 11. Bxd4 e5 12. fxe5 dxe5 13. Qg3 Bc5 14. Bxc5 Qxc5+ 15. Kh1 Ne8 16. Bg4 Nd6 17. Rad1 Be6 18. Bxe6 fxe6 19. Qh3 Rfe8 20. Qd3 Rad8 21. b3 Nf7 22. Qf3 Qe7 23. Qe3 Rc8 24. Rd3 a6 25. Qd2 Rc7 26. Ne2 Rec8 27. c4 b5 28. cxb5 axb5 29. Rc3 Rd8 30. Rxc7 Qxc7 31. Qc3 Qd7 32. Rc1 h6 33. h3 Qd2 34. Qxd2 Rxd2 35. Nc3 b4 36. Na4 Nd6 37. Rc6 Nxe4 38. Rxe6 Nf2+ 39. Kg1 Nd3 40. Rd6 e4 41. Nc5 Rxa2 42. Nxd3 exd3 43. Rxd3 Rb2 44. Rf3 g5 45. Kh2 Kg7 46. Kg3 Kg6 47. h4 gxh4+ 48. Kxh4 Rxg2 1/2-1/2

[Event "FRA-ch U16"]
[Site "Gonfreville"]
[Date "2016.04.12"]
[Round "4"]
[White "Eugene, Floryan"]
[Black "Viel, Simon"]
[Result "0-1"]
[WhiteElo "2170"]
[BlackElo "1981"]
[PlyCount "125"]
[EventDate "2016.04.22"]
[EventType "swiss"]
[EventRounds "9"]
[EventCountry "FRA"]
[SourceTitle "EXT 2022"]
[Source "ChessBase"]
[SourceDate "2021.10.06"]
[SourceVersion "1"]
[SourceVersionDate "2021.10.06"]
[SourceQuality "1"]

1. e4 Nf6 2. Nc3 d5 3. exd5 Nxd5 4. Bc4 Nb6 5. Bb3 Nc6 6. Qf3 e6 7. Nge2 Be7 8. 0-0 0-0 9. d3 Na5 10. Bf4 c5 11. Nb5 Bd7 12. Nec3 Bc6 13. Qg3 Qd7 14. Nd6 Nxb3 15. axb3 Rfd8 16. Bh6 Bf8 17. Nde4 Bxe4 18. Nxe4 Kh8 19. Be3 Qc6 20. Qh4 f6 21. Ra5 Rd5 22. Rfa1 a6 23. Qh3 Rad8 24. Nc3 R5d7 25. Na4 Nd5 26. Nxc5 b6 27. Nxd7 bxa5 28. Nxf8 Rxf8 29. c4 Nb4 30. Rxa5 Nxd3 31. Qh4 Ne5 32. h3 Rd8 33. Bd4 Ng6 34. Qg3 e5 35. Be3 Qb7 36. Ra3 Rd3 37. Qg4 e4 38. Qe6 Rd1+ 39. Kh2 Qb8+ 40. g3 Ne5 41. Kg2 h6 42. Bf4 Qb7 43. Be3 Nf3 44. h4 Rg1+ 45. Kh3 Rh1+ 46. Kg4 Ne5+ 47. Kf4 g5+ 48. Kf5 Qh7+ 49. Kxf6 Nd7+ 50. Qxd7 Qxd7 51. Rxa6 Qg7+ 52. Kf5 Qd7+ 53. Kg6 Qg7+ 54. Kf5 Qh7+ 55. Kf6 Qb7 56. Re6 Qd7 57. Re7 Qd6+ 58. Re6 Qd8+ 59. Kf5 Qf8+ 60. Kg6 Rd1 61. hxg5 Rd6 62. Rxd6 Qxd6+ 63. Kh5 0-1